000 00246nam a2200097Ia 4500
001 1250977
005 20251031150907.0
008 251031s9999 xx 000 0 und d
245 0 _cMAZLUM AKIN
_aİ-5 PARA-MARA MAKARA
260 _bTİMAŞ YAYINLARI
999 _c1250977
_d1250977